000 00371nam a2200133Ia 4500
008 151001s9999||||xx |||||||||||||| ||und||
100 _aSwarajbrata Sengupta
245 _aSinhs & symbols
250 _a1
260 _bRediance
260 _c2002
300 _a167
365 _b21
999 _c984202
_d984199